| 000 | 00460nam a2200181Ia 4500 | ||
|---|---|---|---|
| 001 | 11101 | ||
| 005 | 20260306161921.0 | ||
| 008 | 260306t1993||||xx |||||||||||||| ||spa|| | ||
| 041 | _aESP | ||
| 082 |
_a985.008 _bR84 T. 5 |
||
| 100 |
_aRostworowski, María _eAUT |
||
| 245 | 0 |
_aEnsayos de historia andina I: _belites, etnias, recursos |
|
| 260 | _c1993 | ||
| 300 |
_a413 páginas : _c24 cm. |
||
| 650 | _aGEN | ||
| 654 | _aCHU | ||
| 942 |
_cLIB _dJUS _fJUS _2ddc _n |
||
| 999 |
_c11101 _d11101 |
||